Evaluation and Development of Ground Water (Record no. 4576)

MARC details
000 -LEADER
fixed length control field 00454nam a22001577a 4500
008 - FIXED-LENGTH DATA ELEMENTS--GENERAL INFORMATION
fixed length control field 260304b |||||||| |||| 00| 0 eng d
020 ## - INTERNATIONAL STANDARD BOOK NUMBER
ISBN 9788131303399
100 ## - MAIN ENTRY--AUTHOR
Author Mahaj, Gautam
245 ## - TITLE STATEMENT
Title Evaluation and Development of Ground Water
260 ## - PUBLICATION, DISTRIBUTION, ETC. (IMPRINT)
Place of publication New Delhi
Name of publisher APH Publishing Corporation
Date of publication 2008
300 ## - COLLATION
Pagination 317p.
Other physical details ill
650 ## - TRACINGS
Main Subject Ground water Resources Development
Subdivision (1st) Geohydrology
942 ## - ADDED ENTRY ELEMENTS (KOHA)
Item type Books
050 ## - LIBRARY OF CONGRESS CALL NUMBER
Classification number GB1140
Item number .M34
Holdings
Source of classification or shelving scheme Not for loan Permanent location Current location Date acquired Accession No. Full call number Barcode. Copy number Koha item type
Library of Congress Classification   Samuel Ogbemudia Main Library, University of Abuja Samuel Ogbemudia Main Library, University of Abuja 03/04/2026 2024/62057 GB1140 .M34 2026-0062 1 Books